[Event "WYCC 2018 O18"]
[Site "Halkidiki"]
[Date "2018.10.26"]
[Round "7"]
[White "Giesinger, Elias"]
[Black "Bronstein, Or"]
[Result "1/2-1/2"]
[WhiteElo "2131"]
[BlackElo "2385"]
[Annotator "NA"]
[PlyCount "65"]
[EventDate "2018.10.20"]
[EventType "swiss"]
[EventCountry "GRE"]
[SourceTitle "playchess.com"]
[Source "ChessBase"]
[SourceQuality "1"]
[TimeControl "40/5400+30:1800+30"]

1. d4 {[%emt 0:00:13]} Nf6 {[%emt 0:00:00]} 2. Nf3 {[%emt 0:00:25]} g6 {[%emt 0:00:00]} 3. g3 {[%emt 0:00:25]} Bg7 {[%emt 0:00:00]} 4. Bg2 {[%emt 0:00:03]} O-O {[%emt 0:00:02]} 5. O-O {[%emt 0:00:07]} c5 {[%emt 0:01:57]} 6. dxc5 {[%emt 0:00:51]} Na6 {[%emt 0:06:57]} 7. Be3 {[%emt 0:01:16]} Ne4 {[%emt 0:02:29]} 8. Bd4 {[%emt 0:01:36]} Nexc5 {[%emt 0:00:58]} 9. Bxg7 {[%emt 0:01:21]} Kxg7 {[%emt 0:00:03]} 10. c4 {[%emt 0:04:14]} d6 {[%emt 0:15:20]} 11. Nc3 {[%emt 0:00:59]} Bd7 {[%emt 0:05:38]} 12. a3 {[%emt 0:09:41]} Rb8 {[%emt 0:01:46]} 13. b4 {[%emt 0:03:35]} Ne6 {[%emt 0:00:02]} 14. Rc1 {[%emt 0:03:50]} Kg8 {[%emt 0:01:43]} 15. Qd2 {[%emt 0:13:04]} Nac7 {[%emt 0:02:36]} 16. Rfd1 {[%emt 0:02:49]} a5 {[%emt 0:07:51]} 17. c5 {[%emt 0:08:44]} axb4 {[%emt 0:00:15]} 18. axb4 {[%emt 0:03:46]} Nb5 {[%emt 0:01:01]} 19. cxd6 {[%emt 0:11:28]} exd6 {[%emt 0:01:39]} 20. Nxb5 {[%emt 0:05:49]} Bxb5 {[%emt 0:00:02]} 21. e3 {[%emt 0:01:38]} Ba4 {[%emt 0:00:28]} 22. Re1 {[%emt 0:01:40]} Qb6 {[%emt 0:03:19]} 23. Nd4 {[%emt 0:06:20]} Rfe8 {[%emt 0:10:19]} 24. Nxe6 {[%emt 0:01:19]} Rxe6 {[%emt 0:04:16]} 25. Bd5 {[%emt 0:01:21]} Re7 {[%emt 0:00:17]} 26. Rc4 {[%emt 0:04:40]} Bb3 {[%emt 0:05:21]} 27. Rd4 {[%emt 0:00:18]} Bxd5 {[%emt 0:00:09]} 28. Rxd5 {[%emt 0:00:06]} Re4 {[%emt 0:00:29]} 29. Rb1 {[%emt 0:03:34]} Rd8 {[%emt 0:00:11]} 30. b5 {[%emt 0:00:27]} Re5 {[%emt 0:04:27]} 31. Rd1 {[%emt 0:02:37]} Rxd5 {[%emt 0:00:07]} 32. Qxd5 {[%emt 0:00:04]} Rc8 {[%emt 0:01:10]} 33. Rb1 {[%emt 0:03:33]} 1/2-1/2

[Event "WYCC 2018 O18"]
[Site "Halkidiki"]
[Date "2018.10.26"]
[Round "7"]
[White "Rengifo Blancas, Renzo Jhonathan"]
[Black "Parvanyan, Ashot"]
[Result "0-1"]
[WhiteElo "2123"]
[BlackElo "2428"]
[Annotator "TA"]
[PlyCount "138"]
[EventDate "2018.10.20"]
[EventType "swiss"]
[EventCountry "GRE"]
[SourceTitle "playchess.com"]
[Source "ChessBase"]
[SourceQuality "1"]

{[%evp 18,138,110,77,129,120,128,118,127,123,147,130,127,88,103,95,118,63,65,31,65,21,39,20,50,47,38,38,27,11,15,21,75,66,168,-26,-4,-15,-4,-4,-17,-2,0,-2,0,0,0,-76,0,-104,-93,-78,-35,-38,0,0,0,-31,-31,-70,-70,-73,-87,-73,-73,-156,-135,-143,-75,-218,-122,-129,-68,-76,-8,-65,-8,-8,-15,-8,-6,-195,-194,-200,-194,-164,-62,-56,0,-322,-296,-277,-13,-29980,-29981,-29981,-29982,-29983,-29983,-29983,-29984,-29988,-29984,-29986,-29987,-29987,-29984,-29985,-29986,-29986,-29986,-29988,-29982,-29990,-29984,-29982,-29980,-29994,-29992,-29992,-29993,-29993,-29994]} 1. d4 Nf6 2. Nf3 g6 3. g3 Bg7 4. Bg2 O-O 5. O-O d6 6. c4 Nc6 7. Nc3 Bg4 8. d5 Bxf3 9. exf3 Na5 10. Qd3 c5 {E62: King's Indian: Fianchetto: 6...c6 and Panno Variation (6...Nc6) without ...a6} (10... c6 $142) 11. Bd2 $16 (11. f4 a6 12. Bd2 Rb8 13. Rab1 b5 14. b3 bxc4 15. bxc4 Qd7 16. Rfe1 Rfc8 17. Bf1 Rb4 18. Ne4 Rxb1 19. Rxb1 {1-0 (34) Wojtaszek,R (2726)-Socko,B (2660) Warsaw 2010}) 11... a6 12. b3 Rb8 {White is better.} 13. f4 b6 $146 ({Predecessor:} 13... Qc7 14. Rab1 b5 15. cxb5 c4 16. bxc4 Qxc4 17. Qf3 axb5 18. Rfc1 {1-0 (57) Ismagambetov,A (2471)-Galappaththi,C (2137) Istanbul 2012}) 14. Rab1 Qd7 15. a4 Rfe8 16. Rfe1 Rbd8 17. f3 (17. Nd1 $16) 17... e5 $14 18. Ne2 Re7 19. Bc3 Rde8 20. fxe5 dxe5 21. Bxa5 bxa5 22. Nc3 {[%cal Be2c3,Bc3e4,Be4c5][%mdl 32]} Nh5 23. Ne4 {Strongly threatening Qe3.} f5 $1 {[%cal Rf5e4]} 24. Nxc5 Qa7 $1 {[%cal Ra7c5]} 25. Qe3 {And now Rbd1 would win.} e4 (25... f4 $1 $14 26. Qf2 fxg3 27. hxg3 e4 28. Rxe4 (28. fxe4 Be5 $16) 28... Rxe4 29. fxe4 Rf8) 26. f4 $2 ({White has to play} 26. fxe4 $18 Rc7 27. Ne6 Qxe3+ 28. Rxe3 Rxe6 29. dxe6) 26... Rc7 27. Ne6 Qxe3+ 28. Rxe3 Rxe6 $1 29. dxe6 Bd4 30. Kf2 Nf6 31. h3 Kf8 32. Bf1 {[#]} (32. Rd1 $11 Bxe3+ 33. Kxe3) 32... Ke7 (32... Nh5 $1 $17 33. Rbe1 Ke7) 33. b4 (33. Rd1 $11 Bxe3+ 34. Kxe3) 33... axb4 34. Rxb4 Kxe6 35. Ke2 $1 Bxe3 36. Kxe3 $15 {[%mdl 4096] Endgame KRB-KRN} Nd7 37. Kd4 Rc6 38. Rb7 Rd6+ 39. Ke3 {Black must now prevent c5!} Rd1 40. Be2 Ra1 41. c5 (41. h4 $142) 41... Nxc5 $17 42. Rxh7 Rxa4 ({Much worse is} 42... Nxa4 $6 43. Ra7 $11) (42... Kd5 $142 43. Rh8 Ra3+ 44. Kf2 Ne6 45. Bxa6 Rxa4) 43. g4 (43. Rg7 $17 {is a better defense.}) 43... Ra3+ (43... Kd5 $19 44. gxf5 gxf5) 44. Kd4 Nd3 ({Black should play} 44... Nb3+ $17 45. Kc3 Nc1+ 46. Kb2 Ra2+ 47. Kxc1 Rxe2) 45. gxf5+ Kxf5 (45... gxf5 $17 {...Kf6 is the strong threat.} 46. h4 Nxf4 47. Bc4+ Kf6 48. Rh6+ Kg7 49. Rxa6 Rxa6 50. Bxa6 Kf6) 46. Rf7+ $11 Ke6 47. Ra7 $1 Ra4+ 48. Ke3 Nc5 {White should prevent ...Kd5.} 49. Rc7 $2 (49. Ra8 $1 $11) 49... Kd5 $19 50. Rg7 Ra3+ 51. Kf2 {[#]} Rxh3 (51... Ne6 $1 $19 {[%cal Re6g7]} 52. Rxg6 Ra2) 52. Rxg6 $15 Rh2+ (52... a5 $15 53. Rg8 a4 54. Rd8+ Kc6) 53. Kf1 $2 {[%mdl 8192]} (53. Ke3 $11 {and White stays safe.}) 53... a5 $19 54. f5 Nd3 $2 ({Black should try} 54... a4 $19 55. Rg3 Kd4) 55. Ra6 $2 {[%mdl 8192]} (55. Bxd3 $11 exd3 56. Ke1) 55... Rf2+ {Black mates.} 56. Kg1 Rxe2 {KRN-KR} 57. f6 Rf2 58. Rxa5+ Kd4 59. Ra6 Ke5 60. Ra5+ Kxf6 61. Rd5 Rf5 62. Rd8 Ke5 63. Kg2 Kf4 64. Re8 Ke3 65. Kg1 Nc1 66. Kg2 Rg5+ 67. Kf1 Ne2 {[%csl Ge2][%cal Rg5g1]} 68. Rxe4+ Kxe4 69. Kxe2 Rg2+ {Precision: White = 32%, Black = 49%.} 0-1

[Event "WYCC 2018 O18"]
[Site "Halkidiki"]
[Date "2018.10.26"]
[Round "7"]
[White "Samaridis, Konstantinos"]
[Black "Liska, Jiri"]
[Result "0-1"]
[WhiteElo "2052"]
[BlackElo "2245"]
[Annotator "NA"]
[PlyCount "86"]
[EventDate "2018.10.20"]
[EventType "swiss"]
[EventCountry "GRE"]
[SourceTitle "playchess.com"]
[Source "ChessBase"]
[SourceQuality "1"]
[TimeControl "40/5400+30:1800+30"]

1. e4 {[%emt 0:00:00]} Nf6 {[%emt 0:00:22]} 2. e5 {[%emt 0:00:00]} Nd5 {[%emt 0:00:08]} 3. d4 {[%emt 0:00:00]} d6 {[%emt 0:00:12]} 4. Nf3 {[%emt 0:00:00]} Bg4 {[%emt 0:05:16]} 5. Be2 {[%emt 0:00:13]} e6 {[%emt 0:00:47]} 6. c4 {[%emt 0:02:09]} Nb6 {[%emt 0:00:43]} 7. exd6 {[%emt 0:00:24]} cxd6 {[%emt 0:00:18]} 8. h3 {[%emt 0:01:07]} Bh5 {[%emt 0:01:02]} 9. Nc3 {[%emt 0:00:21]} Be7 {[%emt 0:01:51]} 10. g4 {[%emt 0:03:04]} Bg6 {[%emt 0:00:15]} 11. h4 {[%emt 0:00:06]} h5 $11 {[%emt 0:10:00]} 12. g5 {[%emt 0:00:07]} N8d7 {[%emt 0:14:12]} 13. d5 {[%emt 0:07:11]} e5 {[%emt 0:08:48]} 14. Be3 {[%emt 0:01:25]} Rc8 {[%emt 0:03:24]} 15. b3 {[%emt 0:05:39]} Nc5 {[%emt 0:06:49]} 16. Bxc5 {[%emt 0:01:35]} Rxc5 {[%emt 0:00:59]} 17. Nd2 {[%emt 0:04:22]} Rc8 {[%emt 0:03:48]} 18. Nde4 {[%emt 0:01:56]} Nd7 {[%emt 0:04:59]} 19. O-O {[%emt 0:13:02]} f5 {[%emt 0:11:07]} 20. gxf6 {[%emt 0:02:39]} gxf6 {[%emt 0:02:47]} 21. Kh2 {[%emt 0:10:47]} f5 {[%emt 0:04:32]} 22. Rg1 {[%emt 0:00:18]} Kf7 {[%emt 0:00:15]} 23. Ng5+ {[%emt 0:01:49]} Bxg5 {[%emt 0:00:08]} 24. Rxg5 {[%emt 0:00:16]} Qf6 {[%emt 0:01:48]} 25. b4 {[%emt 0:08:46]} e4 {[%emt 0:04:22]} 26. Qa4 {[%emt 0:10:10]} Qe5+ {[%emt 0:03:49]} 27. Kg2 {[%emt 0:06:52]} Rcd8 {[%emt 0:01:00]} 28. Qb3 {[%emt 0:05:24]} Nf6 {[%emt 0:02:09]} 29. Rh1 {[%emt 0:02:25]} Nh7 {[%emt 0:01:09]} 30. Rg3 {[%emt 0:04:36]} f4 {[%emt 0:00:17]} 31. Rgh3 {[%emt 0:00:22]} f3+ {[%emt 0:00:38]} 32. Bxf3 {[%emt 0:00:03]} exf3+ {[%emt 0:00:11]} 33. Rxf3+ {[%emt 0:00:05]} Nf6 {[%emt 0:00:48]} 34. c5 {[%emt 0:01:24]} Rhg8 {[%emt 0:00:40]} 35. Kf1 {[%emt 0:00:51]} Rde8 {[%emt 0:01:03]} 36. Re3 {[%emt 0:00:27]} Qd4 {[%emt 0:01:14]} 37. Re6 {[%emt 0:03:17]} Bd3+ {[%emt 0:00:35]} 38. Ke1 {[%emt 0:00:24]} Nxd5 {[%emt 0:00:45]} 39. Re3 {[%emt 0:02:47]} Rxe3+ {[%emt 0:01:05]} 40. fxe3 {[%emt 0:00:00]} Qxe3+ {[%emt 0:00:00]} 41. Kd1 {[%emt 0:00:05]} Qf3+ {[%emt 0:00:39]} 42. Kd2 {[%emt 0:00:15]} Rg2+ {[%emt 0:00:14]} 43. Ke1 {[%emt 0:00:11]} Qf2+ {[%emt 0:00:13]} 0-1

[Event "WYCC 2018 O18"]
[Site "Halkidiki"]
[Date "2018.10.27"]
[Round "8"]
[White "Sarana, Alexey"]
[Black "Haug, Johannes"]
[Result "1-0"]
[WhiteElo "2641"]
[BlackElo "2391"]
[Annotator "TA"]
[PlyCount "109"]
[EventDate "2018.10.20"]
[EventType "swiss"]
[EventCountry "GRE"]
[SourceTitle "playchess.com"]
[Source "ChessBase"]
[SourceQuality "1"]

{[%evp 10,109,32,0,40,29,29,27,23,27,60,47,99,50,54,44,94,52,57,11,11,12,12,11,11,11,13,13,8,9,9,0,0,0,27,26,24,24,24,27,33,11,52,50,45,39,39,42,80,57,52,37,37,33,41,40,47,32,70,68,126,112,116,50,108,70,170,139,135,124,254,165,164,149,168,156,125,92,92,70,107,107,130,92,282,124,512,507,497,486,1118,1100,29976,29979,29988,29989,29989,29990,29990,29991,29991,29981]} 1. e4 e6 2. d4 d5 3. Nc3 Bb4 4. e5 c5 5. a3 Ba5 6. Qg4 {LiveBook: 92 Games} Kf8 {C18: French: 3 Nc3 Bb4: Main line: 7 h4 and 7 Qg4} ({Avoid the trap} 6... cxd4 $2 7. Qxg7 dxc3 8. b4 $18) (6... Ne7 7. dxc5 Bxc3+ 8. bxc3 O-O 9. Nf3 Nd7 10. Bd3 Nf5 11. O-O Nxc5 12. a4 b6 13. Nd4 Qc7 14. Bxf5 exf5 15. Qf4 Ba6 16. Re1 Ne6 {½-½ (37) Leko,P (2730)-Grischuk,A (2783) Beijing 2013}) 7. dxc5 Bxc3+ 8. bxc3 Nd7 {White has an edge.} 9. Nf3 Nxc5 $146 ({Predecessor:} 9... Qa5 10. Qb4 Qxc5 11. Be3 Qxb4 12. axb4 Ne7 13. Rxa7 Rxa7 14. Bxa7 Nc6 {1-0 (53) Bartsch,M (2014)-Hughes,D (2020) IECC email 1998}) 10. a4 b6 (10... Ne7 $14) 11. Ba3 Ne7 12. Bd3 f5 13. Qd4 (13. exf6 {looks sharper.} gxf6 14. Qh5 Qe8 15. Qh6+ Kf7 16. O-O) 13... Qc7 14. c4 {[%cal Bc3c4,Bc4c5][%mdl 32]} Bb7 15. Ng5 Nxd3+ 16. cxd3 Qd7 $1 17. c5 h6 18. Nf3 Kf7 19. O-O Nc6 20. Qb2 Ba6 21. cxb6 axb6 22. Rfd1 Bb7 23. Bd6 Ra6 24. Rdc1 Rc8 25. Qb5 Ke8 26. h3 Na7 27. Qb4 Nc6 28. Qb2 Rca8 29. Qb5 Rc8 30. Qb3 Kf7 31. Rab1 Ke8 32. Qb2 Kf7 33. Rc2 Na7 34. Rbc1 Rxc2 ({Better is} 34... Nc6 $14) 35. Rxc2 $16 ({Resist} 35. Qxc2 $6 Nc6 $14) 35... Nc6 36. Qb5 (36. Nd4 $1 $16 {[%cal Rd4c6]} Kg8 37. a5 $1 {[%mdl 512]}) 36... Ra8 ({Black should try} 36... Ra5 $14) 37. Nd2 Ke8 (37... Ra5 $14) 38. Qxb6 {aiming for Nb3.} Rxa4 39. Nb3 Ba8 (39... Qc8 $16) 40. Nc5 Ra1+ 41. Kh2 Qc8 42. Qb2 $1 $36 {[%cal Rb2a1][%mdl 2048] White is on the roll.} Ra7 43. Rc3 Kf7 44. Qe2 {Strongly threatening Qh5+.} g6 45. Qe3 Kg7 {And now ...d4 would win.} 46. Nb3 {Threatens to win with Rxc6!} Qa6 $2 {[#]} (46... Rf7 $16) 47. Qc1 (47. Bf8+ $1 $18 {is the precise move to win.} Kxf8 48. Qxh6+ Rg7 49. Qh8+ Kf7 {[#]} 50. Nd4 $1 {[%mdl 512]}) 47... Qc8 $2 {[%mdl 8192] [#]} (47... g5 $16) 48. Nd4 $1 $18 {[%mdl 512]} Ra6 {[#]} (48... Nxd4 49. Rxc8) 49. Bf8+ $1 {[%mdl 512]} Kxf8 (49... Kf7 $142 50. Bxh6 Qc7) (49... Qxf8 50. Nxe6+) 50. Qxh6+ Kg8 51. Qxg6+ {White mates.} Kh8 52. Qh6+ Kg8 53. Nxe6 {[%csl Ge6][%cal Rh6g7]} Ra7 54. d4 f4 55. Nxf4 {Precision: White = 53%, Black = 34%.} 1-0

[Event "WYCC 2018 O18"]
[Site "Halkidiki"]
[Date "2018.10.27"]
[Round "8"]
[White "Abdusattorov, Nodirbek"]
[Black "Fakhrutdinov, Timur"]
[Result "1/2-1/2"]
[WhiteElo "2558"]
[BlackElo "2472"]
[Annotator "TA"]
[PlyCount "105"]
[EventDate "2018.10.20"]
[EventType "swiss"]
[EventCountry "GRE"]
[SourceTitle "playchess.com"]
[Source "ChessBase"]
[SourceQuality "1"]

{[%evp 26,105,0,-18,66,71,68,62,62,72,118,114,106,56,90,88,102,30,95,101,128,110,104,133,121,136,116,110,125,126,111,117,300,293,289,204,201,204,203,193,200,200,196,197,203,187,185,101,93,81,80,52,61,56,60,38,52,57,33,22,15,12,10,0,0,0,7,0,0,0,0,0,0,0,0,0,0,0,0,0,0,0]} 1. Nf3 Nf6 2. c4 e6 3. b3 d5 4. Bb2 Be7 5. e3 O-O 6. Nc3 dxc4 7. bxc4 c5 8. g3 b6 9. Bg2 Bb7 10. O-O Nc6 11. Qe2 Qc7 12. Rad1 {A14: English Opening: 1...e6 with b3 by White} (12. Rac1 Rfd8 13. Rfd1 Na5 14. Ne1 Bxg2 15. Nxg2 Qb7 16. f4 a6 17. Ba1 Ne4 18. Nxe4 Qxe4 19. d3 Qg6 {0-1 (47) Caruana,F (2807)-Aronian,L (2799) Saint Louis 2017}) 12... a6 13. Ne1 Rfd8 14. f4 {[#] LiveBook: 3 Games} Ne8 $146 (14... b5 $11) ({Predecessor:} 14... b5 15. f5 Na5 16. cxb5 exf5 17. Rxf5 axb5 18. Nxb5 Qb6 19. a4 Qe6 {½-½ (37) Tarjan,J (2406)-Tang,A (2507) Middleton 2018}) 15. f5 $1 $14 Bf6 16. fxe6 fxe6 17. Nd3 Ne5 {[#] Hoping for ...Bxg2.} 18. Bxb7 $1 Qxb7 19. Nf4 Qc6 20. d3 Nf7 21. Nh5 (21. Qg4 $16 Ne5 22. Qe2) 21... Be5 (21... Bxc3 $1 $11 {remains equal.} 22. Bxc3 e5) 22. Qg4 $16 Ra7 23. d4 cxd4 24. exd4 Qxc4 {[%cal Re5d4]} 25. Ne4 Nh6 {[#]} 26. Qh4 $1 {[%cal Rh4d8]} Rxd4 27. Bxd4 $40 {[%mdl 128] White is out for blood.} Bxd4+ 28. Kh1 {And now Qd8 would win.} Qb5 $2 (28... e5 $16) 29. a4 $1 $18 {[%cal Ra4b5]} Qe2 30. Rde1 Qg4 31. Qd8 {[%cal Rd8e8]} Qxh5 32. Qxd4 Ng4 {[%csl Gg4][%cal Rh5h2]} 33. Re2 Rf7 34. Rxf7 Qxf7 35. Kg2 Qb7 36. Kg1 (36. Kh3 $18 Qd5 37. Qxd5 exd5 38. Ng5 (38. Kxg4 dxe4 39. Kf4 Kf7 $18)) 36... Qc6 $16 37. Qd8 {[%mdl 1024] Rc2! is the strong threat. White has strong compensation.} h6 38. h3 Ne5 39. Nd2 Nf7 40. Qe7 e5 41. Ne4 {Strongly threatening Rf2.} ({Much worse is} 41. Rf2 Nf6 $15) 41... Nf6 42. Nxf6+ gxf6 $14 {[%mdl 4096] Endgame KQR-KQN. The position is equal.} 43. h4 Kg7 44. Rf2 h5 45. Kh2 Kg6 46. Rd2 Nh6 {( -> ...Ng4+)} 47. Qd7 Ng4+ 48. Kg1 Qc1+ 49. Kg2 Qe1 {aiming for ...Ne3+.} 50. Qe8+ Kh6 51. Qh8+ Kg6 52. Qg8+ Kh6 53. Qh8+ {Precision: White = 71%, Black = 52%.} 1/2-1/2

[Event "WYCC 2018 O18"]
[Site "Halkidiki"]
[Date "2018.10.27"]
[Round "8"]
[White "Moroni, Luca Jr"]
[Black "Gazik, Viktor"]
[Result "0-1"]
[WhiteElo "2554"]
[BlackElo "2486"]
[Annotator "TA"]
[PlyCount "232"]
[EventDate "2018.10.20"]
[EventType "swiss"]
[EventCountry "GRE"]
[SourceTitle "playchess.com"]
[Source "ChessBase"]
[SourceQuality "1"]

{[%evp 16,232,12,-20,-28,-22,-22,-38,-24,-43,-36,-33,-32,-28,-40,-25,-33,-45,-45,-45,-50,-47,-49,-42,-41,-48,0,-15,-6,-23,0,-13,-13,-13,-10,-8,-8,-8,-7,-9,-8,-7,-8,-10,-10,-34,-34,-33,-37,-37,-39,-37,-40,-52,-47,-28,-3,-33,-23,-37,-48,-138,-135,-385,-183,-183,-115,-115,-115,-115,-115,-115,-115,-115,-93,-93,0,-115,-115,-115,-115,-115,-115,-115,-115,-115,-115,-132,-132,-156,-156,-156,-156,-156,-156,-156,-156,-149,-139,-142,-132,-149,-143,-142,-135,-139,-111,-131,-129,-135,-93,-169,-166,-174,-93,-148,-142,-155,-152,-152,-156,-142,-122,-138,-136,-165,-165,-168,-143,-143,-143,-141,-135,-139,-135,-131,-128,-128,-128,-129,-128,-149,-53,-61,0,-128,-128,-128,-128,-128,-128,-128,-127,-260,-256,-209,-215,-29953,-29954,-29939,-12850,-5506,-1125,-1118,-1104,-1077,-1027,-12849,-882,-29936,-29942,-12843,-12842,-12847,-29940,-12848,-1133,-12850,-12851,-29947,-29949,-29948,-29951,-29942,-12103,-5752,-2166,-1515,-1328,-5982,-5403,-29959,-29960,-29960,-29962,-29962,-29964,-29963,-29951,-29967,-29966,-29969,-29969,-29969,-29970,-29962,-29965,-29970,-29970,-29971,-29973,-29991,-837,-29986,-29987,-29987,-29988,-29988,-29989]} 1. d4 Nf6 2. Nf3 g6 3. g3 Bg7 4. Bg2 O-O 5. O-O d6 6. b3 c5 7. c4 e5 {E60: King's Indian: Unusual lines and Fianchetto Variation without Nc3} (7... d5 8. Na3 cxd4 9. Nxd4 e5 10. Nf3 Nc6 11. cxd5 Nxd5 12. Bb2 Re8 13. e4 Ndb4 14. Nc4 Bg4 15. h3 Bxf3 16. Bxf3 {0-1 (24) Dreev,A (2649)-Jones,G (2677) chess.com INT 2018}) 8. e3 Nc6 9. Bb2 {[%cal Rd4e5] LiveBook: 5 Games} e4 {The position is equal.} 10. Ne1 Re8 $146 ({Predecessor:} 10... Bg4 11. Qd2 Qc8 12. d5 Nd8 13. Nc3 Re8 14. Nb5 Qd7 {0-1 (36) Balinsh,R-Shulte Riga (Latvia) 1965}) 11. Nc3 Bf5 12. Qd2 Qd7 13. Rd1 Rad8 14. Nd5 cxd4 15. Nxf6+ Bxf6 16. exd4 d5 17. cxd5 Ne7 {[%cal Bc6e7,Be7d5,Bd5b4,Bb4a2][%mdl 32]} 18. d6 Qxd6 19. Nc2 Nd5 20. Ne3 Bc8 21. Qa5 a6 22. Rc1 Qb4 23. Qc5 Qxc5 24. Rxc5 Nb4 {With the idea ...Nd3.} 25. Bc3 Nxa2 26. Ba5 $1 {[%cal Ra5d8]} b6 $1 {[%cal Rb6a5]} ({Reject} 26... Rxd4 $6 27. Rc2 $16) 27. Bxb6 Bxd4 28. Rxc8 Bxb6 29. Rxd8 Bxd8 30. Ra1 Nb4 31. Ra4 a5 32. Nc4 Nd3 33. Nd6 Re6 34. Nxe4 {Rd4 is the strong threat.} Bb6 {And now ...f5 would win.} 35. Ra2 f5 36. Ng5 Re1+ 37. Bf1 Rb1 38. Rd2 (38. Kg2 $15 Rxb3 39. Rd2 Ne1+ 40. Kh3) 38... Nxf2 $1 $17 39. Rxf2 $2 (39. Kg2 $17 Ng4 40. Bc4+ Kf8 41. Rd7 Rb2+ 42. Kf1 Ne3+ 43. Ke1) 39... h6 (39... Kh8 $142 40. Nf7+ Kg7) 40. Kg2 $19 hxg5 {[%mdl 4096] Endgame KRB-KRB} (40... Bxf2 $19 41. Bc4+ Kf8 42. Ne6+ Ke7 43. Kxf2 a4 $1 {[%mdl 512]}) 41. Rd2 Kg7 42. Bc4 Rg1+ 43. Kf3 g4+ 44. Ke2 Rg2+ 45. Ke1 Rg1+ (45... Rxd2 {with more complications.} 46. Kxd2 Bg1 47. Ke1 Bxh2 48. Kf2 f4) 46. Ke2 Rh1 47. Kd3 Kh6 48. Bd5 Rc1 49. Bc4 Kg5 50. Re2 Bg1 51. Kd2 Ra1 {Strongly threatening ...Bxh2!} 52. Kd3 Rd1+ 53. Kc2 Rd8 {aiming for ...Rh8.} 54. Rg2 Bc5 55. Re2 Rh8 {White must now prevent ...Bg1.} 56. Rg2 Bd6 57. Rd2 Be5 58. Re2 Kf6 59. Rg2 Rc8 60. Kd3 Rc7 61. Re2 Rd7+ 62. Kc2 Rd4 63. Bd3 (63. Rd2 $17) 63... Rb4 64. Rd2 Bd4 ({Black should play} 64... g5 $1 $19 65. Be2 Rb8) 65. Re2 ({Better is} 65. Bc4 Bc5 66. Rd5) 65... Rb8 $17 66. Bc4 Rh8 67. Rg2 Bc5 68. Kd3 Rh7 69. Kc3 Bb4+ 70. Kd3 Rd7+ 71. Kc2 Ke5 72. Re2+ Kd4 73. Be6 Re7 74. Kd1 Kc3 75. Rc2+ {[#]} Kd3 $1 76. Re2 Kd4 77. Kc2 Rc7+ 78. Kd1 Ba3 ({Black should try} 78... Rc3 $17 79. Bf7 Rf3) 79. Ra2 $15 Bb4 (79... Bc5 $15) 80. Re2 $1 $17 Rc3 81. Bf7 Rf3 82. Kc2 {[#]} g5 $1 83. Be6 Rf1 84. Kb2 (84. Bc8 $17) 84... f4 $19 85. gxf4 gxf4 86. Bxg4 $2 (86. Rg2 $19) 86... Kd3 87. Rg2 Bc3+ 88. Ka3 f3 (88... Ra1+ $142 89. Ra2 Bb4+ 90. Kb2 Rh1) 89. Ra2 Ke3 90. Ka4 f2 91. Kb5 Re1 (91... Rg1 $142 92. Bh3 Bb4) 92. Bh3 f1=Q+ 93. Bxf1 Rxf1 {KRB-KR} 94. Rg2 Bb4 95. Rg3+ Kf4 (95... Rf3 $142 96. Rg2 Rh3) 96. Rg2 Rf3 97. Ka4 Rh3 98. Re2 Kf3 99. Rc2 Rh4 (99... Rh5 $142 100. Ra2 Be1 101. Ka3 Rh4 102. Rc2 Ke3 103. Rg2 Kd3 104. Ka2 Bb4 105. Rg3+ Ke2 106. Rg2+ Kf3 107. Rc2 Ke3 108. Kb2 Kd3 109. Kb1 Bd2 110. Rc7 Rxh2 111. Rd7+ Kc3 112. Rb7 Rh1+ 113. Ka2 Kc2 114. Rg7 Bc3 115. Rg2+ Kd3 116. Ka3 Ra1+ 117. Ra2 Bb4+ 118. Ka4 Rxa2+ 119. Kb5 Kc3 120. Ka6 Kxb3 121. Kb5 Rc2 122. Ka6 a4 123. Kb6 a3 124. Kb5 a2 125. Kb6 a1=Q 126. Kb7 Qa5 127. Kb8 Qb6+ 128. Ka8 Rc8#) 100. Kb5 Rd4 (100... Rh5+ $142 101. Ka4 Ke3) 101. Rc4 Rd3 102. Ka4 Kg2 103. h4 Rh3 104. Rd4 Kg3 105. h5 Rxh5 106. Rg4+ Kf2 107. Rf4+ Ke2 108. Rf2+ Kd3 109. Rf3+ Kc2 110. Rf2+ Bd2 111. Rg2 Rh4+ 112. Ka3 Rb4 113. Rg3 Bc1+ 114. Ka2 a4 {[%cal Ba5a4,Ba4b3][%mdl 32] Black mates.} 115. Rg2+ Bd2 116. Ka3 axb3 {Precision: White = 50%, Black = 66%.} 0-1

[Event "WYCC 2018 O18"]
[Site "Halkidiki"]
[Date "2018.10.27"]
[Round "8"]
[White "Triapishko, Alexandr"]
[Black "Livaic, Leon"]
[Result "1-0"]
[WhiteElo "2508"]
[BlackElo "2481"]
[Annotator "TA"]
[PlyCount "83"]
[EventDate "2018.10.20"]
[EventType "swiss"]
[EventCountry "GRE"]
[SourceTitle "playchess.com"]
[Source "ChessBase"]
[SourceQuality "1"]

{[%evp 32,83,0,0,28,19,20,22,52,53,120,0,50,0,110,94,94,87,107,109,95,56,124,126,123,125,121,121,122,122,220,205,218,220,189,172,168,156,173,164,181,200,456,456,461,160,448,434,453,448,454,436,508,505]} 1. Nf3 Nf6 2. g3 b6 3. Bg2 Bb7 4. O-O c5 5. c4 g6 6. b3 Bg7 7. Bb2 O-O 8. Nc3 d5 9. Nxd5 Nxd5 10. Bxg7 Kxg7 11. cxd5 Qxd5 12. d4 Na6 13. Nh4 {A30: Symmetrical English: Double Fianchetto and Hedgehog} (13. dxc5 Nxc5 14. Qxd5 Bxd5 15. Rfd1 Rfd8 16. Rac1 Kf6 17. h4 Rac8 18. b4 Bxf3 19. Rxd8 Rxd8 20. Bxf3 Ne6 21. Rc3 Nd4 22. Rc7 Nb5 23. Rb7 Rd4 24. a4 Nd6 {½-½ (24) Howell,D (2698)-Van Kampen,R (2646) Germany 2018}) 13... Qd7 14. dxc5 Qxd1 15. Rfxd1 Bxg2 16. Kxg2 Nxc5 17. b4 {[#] LiveBook: 6 Games} Na4 $146 ({Predecessor:} 17... Ne4 18. Rd7 e6 19. Rc1 Nf6 20. Rb7 Nd5 {½-½ (48) Dolana,A (2348)-Nikolaidis,I (2561) Kavala 2017}) 18. Rd7 Kf6 19. Rc1 Rfd8 20. Rb7 Rdb8 (20... Rac8 $14 21. Rxc8 Rxc8) 21. Rd7 ({White should play} 21. Rc6+ $16 e6 22. Rbc7) 21... Rd8 $14 22. Rb7 (22. Rdc7 $14) 22... Rdb8 $16 23. Rbc7 a5 24. a3 {[%cal Ba2a3,Ba3b4][%mdl 32]} axb4 25. axb4 b5 26. e4 {[%cal Be2e4,Be4e5][%mdl 32]} Ra6 ({Black should try} 26... Re8 $14) 27. Nf3 {aiming for e5+.} Re8 28. Rb7 Re6 29. e5+ Kg7 30. Rxb5 Rd8 (30... Rb6 $16 {was necessary.} 31. Rxb6 Nxb6) 31. Rc7 $18 {Hoping for Ra5.} h6 {[#]} 32. Rbb7 $1 Kf8 33. h4 Nb6 34. b5 Ke8 35. Ra7 Rd5 36. Rcb7 Nc4 $2 {[#]} (36... Rd8 37. Ra6 Nc4) 37. Rb8+ Rd8 38. Rxd8+ Kxd8 39. Nd4 {White is clearly winning.} Rb6 40. Nc6+ Ke8 41. Ra4 Nb2 42. Rb4 {Precision: White = 79%, Black = 49%.} 1-0